Биохимия культурных растений. Т. 2: Зернобобовые и кормовые культуры (Запись № 13617153)

Подробности
000 -МАРКЕР
контрольное поле 01462nam2a2200253 4500
001 - ИДЕНТИФИКАТОР ЗАПИСИ
контрольное поле rc\3010599
005 - ИДЕНТИФИКАТОР ВЕРСИИ
контрольное поле 20260315064143.0
035 ## - ДРУГИЕ СИСТЕМНЫЕ НОМЕРА
Идентификатор записи (NLR Aleph) 007153160
100 ## - ДАННЫЕ ОБЩЕЙ ОБРАБОТКИ
Данные общей обработки 20110923d1938 u y0rusy50 ca
101 0# - ЯЗЫК РЕСУРСА
Язык текста, звукозаписи и т.д. русский
105 ## - ПОЛЕ КОДИРОВАННЫХ ДАННЫХ: ТЕКСТОВЫЕ МАТЕРИАЛЫ, МОНОГРАФИЧЕСКИЕ
Кодированные данные о монографическом текстовом документе a z |||||
200 1# - ЗАГЛАВИЕ И СВЕДЕНИЯ ОБ ОТВЕТСТВЕННОСТИ
Основное заглавие Зернобобовые и кормовые культуры
Первые сведения об ответственности Ред. М.И. Княгиничев и М.И. Смирнова
Последующие сведения об ответственности Всесоюз. акад. с.-х. наук им. В.И. Ленина. Всесоюз. ин-т растениеводства
210 ## - ПУБЛИКАЦИЯ, РАСПРОСТРАНЕНИЕ И ДР.
Имя издателя, распространителя и т. д. Сельхозгиз, Ленингр. отд-ние
Дата издания, распространения и т.д. 1938
215 ## - ФИЗИЧЕСКАЯ ХАРАКТЕРИСТИКА
Специфическое обозначение материала и объем 422 с.
Другие сведения о физической характеристике граф.
Размеры 22 см
320 ## - ПРИМЕЧАНИЯ О НАЛИЧИИ В ДОКУМЕНТЕ БИБЛИОГРАФИИ / УКАЗАТЕЛЯ
Текст примечания "Литература" в конце каждой главы
461 #0 - УРОВЕНЬ НАБОРА
Встроенное поле 001rc\3010597
-- 2001#$aБиохимия культурных растений$eТ. 1-$fПод общ. ред. проф. Н.Н. Иванова$gНар. ком. зем. СССР. Всесоюз. акад. с.-х. наук им. В.И. Ленина. Всесоюз. ин-т растениеводства$vТ. 2
Системный номер (АБИС) связанной записи 7172615
Место публикации Москва
Дата публикации 1936-1948
Первые сведения об ответственности Под общ. ред. проф. Н.Н. Иванова
Имя издателя, распространителя и т.д. Сельхозгиз
Сведения, относящиеся к заглавию Т. 1-
Заглавие Биохимия культурных растений
Номер тома Т. 2
702 #1 - ИМЯ ЛИЦА - ВТОРИЧНАЯ ОТВЕТСТВЕННОСТЬ
Начальный элемент ввода Княгиничев
Часть имени, кроме начального элемента ввода М.И.
Код отношения Редактор
702 #1 - ИМЯ ЛИЦА - ВТОРИЧНАЯ ОТВЕТСТВЕННОСТЬ
Начальный элемент ввода Смирнова
Часть имени, кроме начального элемента ввода М.И.
Код отношения Редактор
801 #0 - ИСТОЧНИК ЗАПИСИ
Страна Российская Федерация
Организация NLR
Правила каталогизации psbo
801 #1 - ИСТОЧНИК ЗАПИСИ
Страна Российская Федерация
Организация ELAR
Источник данных rusmarc
852 ## - МЕСТОНАХОЖДЕНИЕ И ШИФР ХРАНЕНИЯ
Идентификатор организации NLR
Шифр хранения (Call Number) 36-18/25(2)
942 ## - ДОПОЛНИТЕЛЬНЫЕ ЭЛЕМЕНТЫ ЗАПИСИ (АБИС)
Тип экземпляра АБИС Неопределено
980 ## - КОЛЛЕКЦИЯ
Название коллекции Национальная библиография

Нет доступных экземпляров.